000 00655nam a2200229Ia 4500
005 20250508170155.0
008 008 250505s9999 xx 000 0 eng d
020 _a978-1-0718-7591-9
037 _aReference
040 _aFEDL
_beng
_cFEDL
041 _aeng
_2eng
084 _a371.1, THO/RR
_qFEDL
100 _aThompson Carol
245 0 _aTrainee teacher's handbook: A companion for initial teacher taining
250 _a2
260 _aLondon, UK
_bLearning Matters
_c2021
300 _a290p.
365 _aGBP
_b24.99
700 _a Wholstencroft Peter
_9783314
942 _cREF
_h371.1, THO/RR
999 _c1399625
_d1399625